Hodnocení (oceňování) podniků při přímém jednání o prodeji, fúzi, podílu a účasti - vztah k účetním informacím.

Rozdiel medzi hodnotením a oceňovaním podnikov. Prehľad informácií, potrebných pre hodnotenie. Hodnotenie, vychádzajúce z aktív podniku a hodnotenie, vychádzajúce z tokových veličín. Dividendy, zisk a peňažné toky. Prehľad najdôležitejších zásad hodnotenia.

Salvato in:
Dettagli Bibliografici
Autore principale: Schroll, R.
Natura: Capitolo di libro
Lingua:ceco
Soggetti:
Tags: Aggiungi Tag
Nessun Tag, puoi essere il primo ad aggiungerne!!

MARC

LEADER 00000naa a2200000 4500
001 r008143
005 20220831085405.9
041 0 |a cze 
044 |a [CS] 
245 1 0 |a Hodnocení (oceňování) podniků při přímém jednání o prodeji, fúzi, podílu a účasti - vztah k účetním informacím.  |c R. Schroll 
520 |a Rozdiel medzi hodnotením a oceňovaním podnikov. Prehľad informácií, potrebných pre hodnotenie. Hodnotenie, vychádzajúce z aktív podniku a hodnotenie, vychádzajúce z tokových veličín. Dividendy, zisk a peňažné toky. Prehľad najdôležitejších zásad hodnotenia. 
610 2 0 |a oceňovanie ekonomické 
610 2 0 |a predaj 
610 2 0 |a podnik 
610 2 0 |a informácie hospodárske 
610 2 0 |a účtovníctvo 
610 2 0 |a fúzie 
610 2 0 |a hospodárenie podnikové 
100 1 |a Schroll, R.